000 00459cam a2200193ua 4500
020 _c1.50
041 _ahin
_h
082 _a891.54
_bSRE/SA
100 _aSreedhar , K S .
245 _aSankalit ratna /
_cK S Sreedhar.
_hTextual Documents
250 _a1 /
_b.
260 _aKottayam :
_bVidyarthi Mithram Book Depo ,
_c1969.
300 _a84 ; .
365 _a1.50
504 _a
942 _cBK
999 _c8148
_d8148